John, the gospel of faith / (Record no. 4689)

MARC details
000 -LEADER
fixed length control field 00837cam a2200265Ia 4500
001 - CONTROL NUMBER
control field 18345
003 - CONTROL NUMBER IDENTIFIER
control field GBCCL
005 - DATE AND TIME OF LATEST TRANSACTION
control field 20241126110524.0
008 - FIXED-LENGTH DATA ELEMENTS--GENERAL INFORMATION
fixed length control field 750611s1962 ilu b 000 0 eng d
035 ## - SYSTEM CONTROL NUMBER
System control number (OCoLC)01386564
040 ## - CATALOGING SOURCE
Original cataloging agency WIT
Transcribing agency WIT
Modifying agency m.c.
-- LBB
049 ## -
-- LBBK
082 ## - DEWEY DECIMAL CLASSIFICATION NUMBER
Classification number 220.7
-- 226.507
Item number EVE
090 ## - LOCALLY ASSIGNED LC-TYPE CALL NUMBER (OCLC); LOCAL CALL NUMBER (RLIN)
Classification number (OCLC) (R) ; Classification number, CALL (RLIN) (NR) BS2615.2
Local cutter number (OCLC) ; Book number/undivided call number, CALL (RLIN) .H38
092 0# - LOCALLY ASSIGNED DEWEY CALL NUMBER (OCLC)
Classification number 226.507
Item number H318, 1962
Edition number 20
100 1# - MAIN ENTRY--PERSONAL NAME
Personal name Harrison, Everett Falconer,
Dates associated with a name 1902-
9 (RLIN) 4467
245 10 - TITLE STATEMENT
Title John, the gospel of faith /
Statement of responsibility, etc. by Everett F. Harrison.
260 ## - PUBLICATION, DISTRIBUTION, ETC.
Place of publication, distribution, etc. Chicago, [Ill.] :
Name of publisher, distributor, etc. Moody Press,
Date of publication, distribution, etc. c1962.
300 ## - PHYSICAL DESCRIPTION
Extent 128 p. ;
Dimensions 19 cm.
490 1# - SERIES STATEMENT
Series statement Everyman's Bible commentary.
504 ## - BIBLIOGRAPHY, ETC. NOTE
Bibliography, etc. note Includes bibliographical references (p. 127-128).
520 ## - SUMMARY, ETC.
Summary, etc. Lloyd M. Perry Collection.
630 00 - SUBJECT ADDED ENTRY--UNIFORM TITLE
Uniform title Bible.
Name of part/section of a work N.T.
-- John
General subdivision Criticism, interpretation, etc.
9 (RLIN) 2928
942 ## - ADDED ENTRY ELEMENTS (KOHA)
Source of classification or shelving scheme Dewey Decimal Classification
Koha item type Books
Koha issues (borrowed), all copies 1
Holdings
Withdrawn status Lost status Source of classification or shelving scheme Damaged status Not for loan Home library Current Library Shelving location Date acquired Total checkouts Full call number Barcode Date last seen Date last checked out Copy number Price effective from Koha item type
    Dewey Decimal Classification     GRACE BIBLE COLLEGE GRACE BIBLE COLLEGE Biblical Studies 2018-01-31 1 220.7 EVE 005950 2025-05-01 2021-03-17 c.1 2018-01-31 Books
© Grace Bible College Library 2025